000 01061nam a22003257a 4500
001 BR0503995
003 BR-BrBNA
005 20230928102006.0
007 ta
008 230509b bl.||||| |||| 00| 0 por d
040 _aBR-BrBNA
_bpor
_cBiblioteca Nacional de Agricultura
041 _a(Por)
072 _aL10
_b5120
_b3580
090 _ 5120 BR0503995
100 1 _aMelo, N.S.S. de
110 1 _aUniversidade de Brasília, DF (Brasil). Faculdade de Agronomia e Medicina Veterinária
_0Tese (Mestre em Ciências Agrárias)
245 1 _aEfeito de diferentes concentrações de crioprotetores na congelação de sêmen eqüino
260 3 _aBrasília, DF (Brasil):
_c2005.
300 _a70 p.
500 _aSummaries (Eng, Por); Several bibliography; 9 illus.; 7 tables
650 _aCAVALO
650 _aMANGA LARGA
650 _aSÊMEN
650 _aCONGELAMENTO
650 _aBANCO DE GERMOPLASMA
650 _aMELHORAMENTO GENÉTICO ANIMAL
650 _aINSEMINAÇÃO ARTIFICIAL
909 _a202309
_bLucia
_c55
_dLucia Elande
942 _cBK
999 _c68597
_d68597